000 00675nam a2200289Ia 4500
005 20260324142333.0
008 008 260324s9999 xx 000 0 eng d
020 _a9781003557043
037 _aEBOOK
040 _aCRL
040 _beng
040 _cCRL
041 _2eng
041 _aeng
084 _qCRL
100 _aBrenda Bolton
_91211576
245 0 _aInnocent III
245 0 _bStudies on Papal Authority and Pastoral Care
260 _bTaylor and Francis
260 _c1995
365 _a
365 _b230
856 _uhttp://www.taylorfrancis.com/books/9781003557043
942 _cEBOOK
999 _c1815626
_d1815626